MARC details
| 000 -CABECERA |
| campo de control de longitud fija |
00792cam a2200217 a 4500 |
| 001 - NÚMERO DE CONTROL |
| campo de control |
000004368 |
| 005 - FECHA Y HORA DE LA ÚLTIMA TRANSACCIÓN |
| campo de control |
20200929151431.0 |
| 008 - DATOS DE LONGITUD FIJA--INFORMACIÓN GENERAL |
| campo de control de longitud fija |
831101s1943 sp b 000 f spa |
| 040 ## - FUENTE DE LA CATALOGACIÓN |
| Centro catalogador/agencia de origen |
DO-SdBNP |
| Lengua de catalogación |
spa |
| Centro/agencia transcriptor |
BNPHU |
| 041 17 - CÓDIGO DE LENGUA |
| Código de lengua del texto/banda sonora o título independiente |
spa |
| Código de lengua original |
eng |
| 082 ## - NÚMERO DE LA CLASIFICACIÓN DECIMAL DEWEY |
| Número de clasificación |
823.8 |
| Número de documento/Ítem |
T363a |
| 100 1# - ENTRADA PRINCIPAL--NOMBRE DE PERSONA |
| Nombre de persona |
Thackeray, William Makepeace, |
| Forma completa/desarrollada del nombre |
(William Makepeace Thackeray) |
| Fechas asociadas al nombre |
1811-1863. |
| 9 (RLIN) |
12867 |
| 240 14 - TÍTULO UNIFORME |
| Título uniforme |
The memoirs of Barry Lyndon, Esq. |
| Lenguaje de la obra |
Español. |
| 245 14 - MENCIÓN DE TÍTULO |
| Título |
Aventuras de Barry Lyndon / |
| Mención de responsabilidad, etc. |
William Thackeray ; traducción, Rafael Vásquez-Zamora. |
| 260 ## - PUBLICACIÓN, DISTRIBUCIÓN, ETC. |
| Lugar de publicación, distribución, etc. |
Barcelona ; : |
| Nombre del editor, distribuidor, etc. |
Destino, |
| Fecha de publicación, distribución, etc. |
1943. |
| 300 ## - DESCRIPCIÓN FÍSICA |
| Extensión |
412 p. ; |
| Dimensiones |
20 cm. |
| 534 ## - NOTA SOBRE LA VERSIÓN ORIGINAL |
| Encabezamiento principal del original |
Título original: |
| Mención de título del original |
The memoirs of Barry Lyndon, Esq |
| 650 #4 - PUNTO DE ACCESO ADICIONAL DE MATERIA--TÉRMINO DE MATERIA |
| Término de materia o nombre geográfico como elemento de entrada |
Novela inglesa |
| 9 (RLIN) |
1071 |
| 650 #4 - PUNTO DE ACCESO ADICIONAL DE MATERIA--TÉRMINO DE MATERIA |
| Término de materia o nombre geográfico como elemento de entrada |
Literatura inglesa |
| 9 (RLIN) |
498 |
| 700 1# - PUNTO DE ACCESO ADICIONAL--NOMBRE DE PERSONA |
| Nombre de persona |
Vázquez-Zamora, Rafael, |
| Término indicativo de función/relación |
tr. |
| Fechas asociadas al nombre |
1946- |
| 9 (RLIN) |
12868 |